000 02696cam a22004694a 4500
001 15030276
005 20080807135612.0
007 co ugu||||||||
008 070928s2009 paua b 001 0 eng
010 _a 2007040635
016 7 _a101317536
_2DNLM
020 _a9780781780230
020 _a0781780233
035 _a(OCoLC)ocn173659664
035 _a(OCoLC)173659664
_z(OCoLC)154806845
040 _aDNLM/DLC
_cDLC
_dNLM
_dBTCTA
_dBAKER
_dC#P
_dYDXCP
_dVAM
_dDLC
042 _apcc
050 0 0 _aRT41
_b.C86 2009
060 0 0 _a2008 D-938
060 1 0 _aWY 100
_bF97988 2009
082 0 0 _a610.73
_222
_bFUN NR
245 0 0 _aFundamentals of nursing :
_bHuman health and function /
_c[edited by] Ruth F. Craven, Constance J. Hirnle ; 49 contributors.
250 _a6th ed.
260 _aPhiladelphia :
_bWolters Kluwer Health/Lippincott Williams & Wilkins,
_cc2009.
300 _axxxviii, 1513 p. :
_bcol. ill. ;
_c29 cm. +
_e1 CD-ROM (4 3/4 in.)
504 _aIncludes bibliographical references and index.
650 0 _aNursing.
_98557
650 1 2 _aNursing.
_98558
650 2 2 _aNursing Process.
_98559
700 1 _aCraven, Ruth F.
_98560
700 1 _aHirnle, Constance J.
_98561
856 4 2 _3Publisher description
_uhttp://www.loc.gov/catdir/enhancements/fy0801/2007040635-d.html
856 4 1 _3Table of contents only
_uhttp://www.loc.gov/catdir/enhancements/fy0837/2007040635-t.html
942 _2ddc
_cBB
999 _c10908
_d10908